| 000 | 00468nam a2200157 i 4500 | ||
|---|---|---|---|
| 001 | 50341 | ||
| 003 | ES-MaACL | ||
| 005 | 20230906162150.0 | ||
| 007 | t| | ||
| 008 | 030804s1939 ec ||||1| spa d | ||
| 100 | 1 |
_aCueva Tamariz, Agustín. _942089 |
|
| 245 | 1 | 4 |
_aLas ideas biológicas del P. Solano / _cAgustín Cueva Tamariz. |
| 260 |
_aCuenca, Ecuador : _b[s.n., _c1939] ( _fImp. Municipal) |
||
| 300 |
_a62 p. ; _c19 cm. |
||
| 852 |
_aES-MaACL _j1909-F-13 _bR.29437 |
||
| 999 |
_c50341 _d50341 |
||